000 00344nam a2200133Ia 4500
008 240624s9999 xx 000 0 und d
041 _aeng
082 _a658.5 BUF
100 _aBUFFA ELWOOD S
245 _aMODERN PRODUCTION OPERATIONS MANAGEMENT
260 _c2003
_aNew York
_bJohn Wiley
300 _axiv, : 834 : p. : cm. ; 24
365 _cRS
999 _c1126
_d1126